000 00382nam a2200169Ia 4500
008 210210b1913 xxu||||| |||| 00| 0 eng d
041 _aeng
082 _a444/17
100 _aFRAZER (J G)
245 _aVictor et victorine
260 _aLondon
_bMacmillan & Co. Ltd.
_c1913
650 _avictorine
650 _aVictor
650 _aet
690 _aFrench
906 _a006212
999 _c129232
_d129232